Trabajo social: perspectivas contemporáneas
Gorde:
| Egile nagusia: | |
|---|---|
| Formatua: | Liburua |
| Hizkuntza: | gaztelania |
| Argitaratua: |
Madrid
Morata
2001
|
| Edizioa: | 1a. ed |
| Saila: | Colección Pedagogía. Educación Crítica
|
| Gaiak: | |
| Etiketak: |
Etiketa erantsi
Etiketarik gabe, Izan zaitez lehena erregistro honi etiketa jartzen!
|
MARC
| LEADER | 00000cam a2200000 a 4500 | ||
|---|---|---|---|
| 001 | UCM0081 | ||
| 003 | CL-VaPUC | ||
| 008 | 020108e20010000SP |||||||||||||||||spa|d | ||
| 020 | |a 8471124610 | ||
| 082 | 0 | 4 | |a 361.3 |b HEA |2 21 |
| 100 | 0 | |a Healy, Karen |e author |9 466731 | |
| 245 | 1 | 0 | |a Trabajo social: perspectivas contemporáneas |
| 250 | |a 1a. ed | ||
| 300 | |a 211 p | ||
| 942 | |c BK | ||
| 945 | |d 20020108 00:00:00 |a cmena | ||
| 260 | |a Madrid |b Morata |c 2001 | ||
| 650 | 0 | |a Trabajo social |9 307856 | |
| 650 | 0 | |a Métodos de investigación |9 262618 | |
| 650 | 0 | |a Filosofía social |9 268191 | |
| 583 | |a last modification |c 20131001 05:26:14 |k Rodrigo Vera | ||
| 490 | 0 | |a Colección Pedagogía. Educación Crítica | |
| 999 | |c 299143 |d 299141 | ||
| 952 | |0 0 |1 0 |4 0 |6 361_300000000000000_HEA_2001 |7 0 |8 R |9 355338 |a BIBGIM |b BIBGIM |d 2019-11-21 |i 3786501 |o 361.3 HEA 2001 |p 3786501 |r 2025-01-15 |w 2019-11-21 |y BK_R |k SSL | ||
| 952 | |0 0 |1 0 |4 0 |6 361_300000000000000_HEA_2001 |7 0 |8 R |9 355339 |a BIBGIM |b BIBGIM |d 2019-11-21 |i 4540379 |l 2 |o 361.3 HEA 2001 |p 4540379 |r 2025-01-15 |s 2021-06-24 |w 2019-11-21 |y BK_R |k SSL | ||
| 952 | |0 0 |1 0 |3 erb |4 0 |6 361_300000000000000_HEA_2001 |7 0 |8 R |9 355340 |a BIBGIM |b BIBGIM |d 2019-11-21 |i 5013569 |l 2 |o 361.3 HEA 2001 |p 5013569 |r 2025-01-15 |s 2022-08-19 |w 2019-11-21 |y BK_R |z Catalogado en:20131004 |k SSL | ||